Statistics for Countries with Territorial Claims in Antarctica (With a Map)

Click here to take the quiz!

General Stats

  • This quiz has been taken 2,661 times
  • The average score is 6 of 7

Answers on the Map

Answers color-coded by a green-red scale on the quiz's map according to % correct below.
 

Answer Stats

Countries% Correct
United Kingdom
97%
Australia
96%
Argentina
95%
Chile
93%
New Zealand
92%
France
89%
Norway
87%

Score Distribution

Percentile by Number Answered

Percent of People with Each Score

Your Score History

You have not taken this quiz